<?xml version="1.0" encoding="UTF-8"?>
<record
    xmlns:xsi="http://www.w3.org/2001/XMLSchema-instance"
    xsi:schemaLocation="http://www.loc.gov/MARC21/slim http://www.loc.gov/standards/marcxml/schema/MARC21slim.xsd"
    xmlns="http://www.loc.gov/MARC21/slim">

  <leader>00835nam a22001697a 4500</leader>
  <controlfield tag="008">170711b        xxu||||| |||| 00| 0 eng d</controlfield>
  <datafield tag="020" ind1=" " ind2=" ">
    <subfield code="a">9789988633615</subfield>
  </datafield>
  <datafield tag="050" ind1=" " ind2=" ">
    <subfield code="a">UN/2014/06-07/BK/17</subfield>
  </datafield>
  <datafield tag="100" ind1=" " ind2=" ">
    <subfield code="a">UN</subfield>
  </datafield>
  <datafield tag="245" ind1=" " ind2=" ">
    <subfield code="a">Nutritional assessment of underutilized traditional leafy vegetables of South-Eastern Nigeria. ;</subfield>
    <subfield code="c">UN</subfield>
  </datafield>
  <datafield tag="250" ind1=" " ind2=" ">
    <subfield code="a">No. 5</subfield>
  </datafield>
  <datafield tag="260" ind1=" " ind2=" ">
    <subfield code="a">Ghana:</subfield>
    <subfield code="b">UNU-INRA,</subfield>
    <subfield code="c">2014.</subfield>
  </datafield>
  <datafield tag="300" ind1=" " ind2=" ">
    <subfield code="a">x,31p.:</subfield>
    <subfield code="b">ill,</subfield>
    <subfield code="c">25cm.</subfield>
  </datafield>
  <datafield tag="500" ind1=" " ind2=" ">
    <subfield code="a">Includes references.</subfield>
  </datafield>
  <datafield tag="505" ind1=" " ind2=" ">
    <subfield code="a">Contents: Introduction: General background of Nigeria -- Status of malnutrition in Nigeria -- Materials and methods: Plant collection and identification -- Sample preparation -- Proximate analysis -- Physio chemical analysis -- Calculate the energy calorie content -- Statistical analysis -- Results and discussion: Multi-dimensional analysis(MDA).</subfield>
  </datafield>
  <datafield tag="942" ind1=" " ind2=" ">
    <subfield code="2">lcc</subfield>
    <subfield code="c">BK</subfield>
  </datafield>
  <datafield tag="999" ind1=" " ind2=" ">
    <subfield code="c">6385</subfield>
    <subfield code="d">13885</subfield>
  </datafield>
  <datafield tag="952" ind1=" " ind2=" ">
    <subfield code="0">0</subfield>
    <subfield code="1">0</subfield>
    <subfield code="2">lcc</subfield>
    <subfield code="4">0</subfield>
    <subfield code="7">0</subfield>
    <subfield code="a">WIUC-1</subfield>
    <subfield code="b">WIUC-1</subfield>
    <subfield code="c">REF</subfield>
    <subfield code="d">2017-07-11</subfield>
    <subfield code="l">0</subfield>
    <subfield code="o">UN/2014/06-07/BK/17</subfield>
    <subfield code="p">06-07/BK/17</subfield>
    <subfield code="r">2017-07-11 00:00:00</subfield>
    <subfield code="t">1</subfield>
    <subfield code="w">2017-07-11</subfield>
    <subfield code="y">BK</subfield>
  </datafield>
  <datafield tag="952" ind1=" " ind2=" ">
    <subfield code="0">0</subfield>
    <subfield code="1">0</subfield>
    <subfield code="2">lcc</subfield>
    <subfield code="4">0</subfield>
    <subfield code="7">0</subfield>
    <subfield code="a">WIUC-1</subfield>
    <subfield code="b">WIUC-1</subfield>
    <subfield code="c">REF</subfield>
    <subfield code="d">2017-07-11</subfield>
    <subfield code="l">0</subfield>
    <subfield code="o">UN/2014/06-07/BK/17</subfield>
    <subfield code="p">06/BK/17</subfield>
    <subfield code="r">2017-07-11 00:00:00</subfield>
    <subfield code="t">1</subfield>
    <subfield code="w">2017-07-11</subfield>
    <subfield code="y">BK</subfield>
  </datafield>
  <datafield tag="952" ind1=" " ind2=" ">
    <subfield code="0">0</subfield>
    <subfield code="1">0</subfield>
    <subfield code="2">lcc</subfield>
    <subfield code="4">0</subfield>
    <subfield code="7">0</subfield>
    <subfield code="a">WIUC-1</subfield>
    <subfield code="b">WIUC-1</subfield>
    <subfield code="c">REF</subfield>
    <subfield code="d">2017-07-11</subfield>
    <subfield code="l">0</subfield>
    <subfield code="o">UN/2014/06-07/BK/17</subfield>
    <subfield code="p">07/BK/17</subfield>
    <subfield code="r">2017-07-11 00:00:00</subfield>
    <subfield code="t">2</subfield>
    <subfield code="w">2017-07-11</subfield>
    <subfield code="y">BK</subfield>
  </datafield>
</record>
